Slovník filozofických pověr / Józef Maria Bocheński ; [z polského originálu ... přeložil a úvodem opatřil Josef Mlejnek]
Record details
- ISBN: 80-200-0841-1
- Physical Description: 137 s. ; 20 cm
- Edition: Vyd. v tomto překladu 3., V nakl. Academia 1.
- Publisher: Praha : Academia, 2000
Search for related items by subject
| Subject: | filozofie pověry Superstition Philosophy |
| Genre: | výkladové slovníky explanatory dictionaries |
Search for related items by series
Available copies
- 2 of 2 copies available at Common Catalog SPOK.
Holds
- 0 current holds with 2 total copies.
Show Only Available Copies
| Location | Call Number / Copy Notes | Barcode | Shelving Location | Status | Due Date |
|---|---|---|---|---|---|
| Jabok Library | FL-1/B | 424480014674 | Odborná literatura | Available | - |
| KDS Library | 1 BoJ | 204576802409 | Library | Available | - |
| LDR | 01371nam a2200409 a 4500 | ||
|---|---|---|---|
| 001 | 11688 | ||
| 003 | CZ-PrJAB | ||
| 005 | 20160517132341.0 | ||
| 007 | tu | ||
| 008 | 010306s2000 xr e e 000 0 cze | ||
| 015 | . | ‡acnb000987313 | |
| 020 | . | ‡a80-200-0841-1 ‡q(brož.) | |
| 035 | . | ‡a(CZ PrNK)cpk20010987313 | |
| 035 | . | ‡a(OCoLC)59307023 | |
| 040 | . | ‡aABA001 ‡bcze | |
| 041 | 1 | . | ‡acze ‡hpol |
| 072 | 7. | ‡a101 ‡xFilozofie ‡2Konspekt ‡95 | |
| 080 | . | ‡a101 ‡2MRF | |
| 080 | . | ‡a398.3 ‡2MRF | |
| 080 | . | ‡a(031) ‡2MRF | |
| 100 | 1 | . | ‡aBocheński, Józef Maria, ‡d1902-1995 ‡7jn19990000900 ‡4aut |
| 245 | 1 | 0. | ‡aSlovník filozofických pověr / ‡cJózef Maria Bocheński ; [z polského originálu ... přeložil a úvodem opatřil Josef Mlejnek] |
| 250 | . | ‡aVyd. v tomto překladu 3., V nakl. Academia 1. | |
| 260 | . | ‡aPraha : ‡bAcademia, ‡c2000 | |
| 300 | . | ‡a137 s. ; ‡c20 cm | |
| 490 | 1 | . | ‡aReprint ; ‡vsv. 7 |
| 650 | 0 | 7. | ‡afilozofie ‡7ph114540 ‡2czenas |
| 650 | 0 | 7. | ‡apověry ‡7ph124457 ‡2czenas |
| 650 | 0 | 9. | ‡aSuperstition ‡2eczenas |
| 650 | 0 | 9. | ‡aPhilosophy ‡2eczenas |
| 655 | 7. | ‡avýkladové slovníky ‡7fd133855 ‡2czenas | |
| 655 | 9. | ‡aexplanatory dictionaries ‡2eczenas | |
| 700 | 1 | . | ‡aMlejnek, Josef, ‡d1946- ‡7jn19990009935 ‡4trl ‡4aui |
| 765 | 0 | . | ‡tSto zabobonów ‡9Česky |
| 830 | 0. | ‡aReprint | |
| 910 | . | ‡aABG312 | |
| 910 | . | ‡aABE463 | |
| 901 | . | ‡a11688 ‡bUnknown ‡c11688 ‡tbiblio | |